书目信息 |
| 题名: |
植物景观设计
|
|
| 作者: | 杨柳青 著 | |
| 分册: | ||
| 出版信息: | 长沙 中南大学出版社 2013 |
|
| 页数: | 175页 | |
| 开本: | 29cm | |
| 丛书名: | ||
| 单 册: | ||
| 中图分类: | TU986.2 | |
| 科图分类: | ||
| 主题词: | 园林植物--景观设计 , 园林植物 , 景观设计 | |
| 电子资源: | ||
| ISBN: | 978-7-5487-0873-5 | |
| 000 | 01003nam0 2200253 450 | |
| 001 | 142458 | |
| 005 | 20141221134432.73 | |
| 010 | @a978-7-5487-0873-5@dCNY 42.00 | |
| 100 | @a20131008d2013 em y0chiy50 ea | |
| 101 | 0 | @achi |
| 102 | @aCN@b430000 | |
| 105 | @aa z 000yy | |
| 200 | 1 | @a植物景观设计@9zhi wu jing guan she ji@b专著@e仿自然之形,塑园林之景@f杨柳青著 |
| 210 | @a长沙@c中南大学出版社@d2013 | |
| 215 | @a175页@c图@d29cm | |
| 330 | @a本书首先从植物景观设计的概念、意义及作用人手,阐述了植物景观设计的发展过程,论述了植物景观设计的基础,提出了植物景观设计的9项原则,诠释了植物景观设计的造景手法,并剖析了景观设计中植物的应用形式,总结了植物景观设计的程序和方法,归纳了植物景观设计中的图纸表达。 | |
| 517 | 1 | @a仿自然之形,塑园林之景@9fang zi ran zhi xing,su yuan lin zhi jing |
| 606 | 0 | @a园林植物@x景观设计 |
| 606 | 0 | @a园林植物 |
| 606 | 0 | @a景观设计 |
| 690 | @aTU986.2@v5 | |
| 701 | 0 | @a杨柳青@9yang liu qing@4著 |
| 801 | 0 | @aCN@bZL@c20141221 |
| 905 | @a241430@dTU986.2@eY220 | |
| 植物景观设计:仿自然之形,塑园林之景/杨柳青著.-长沙:中南大学出版社,2013 |
| 175页:图;29cm |
| ISBN 978-7-5487-0873-5:CNY 42.00 |
| 本书首先从植物景观设计的概念、意义及作用人手,阐述了植物景观设计的发展过程,论述了植物景观设计的基础,提出了植物景观设计的9项原则,诠释了植物景观设计的造景手法,并剖析了景观设计中植物的应用形式,总结了植物景观设计的程序和方法,归纳了植物景观设计中的图纸表达。 |
| ● |
| 相关链接 |
|
|
|
正题名:植物景观设计
索取号:TU986.2/Y220
 
预约/预借
| 序号 | 登录号 | 条形码 | 馆藏地/架位号 | 状态 | 备注 |
| 1 | 1134985 | 211349851 | 建筑库201/201建筑库 110排1列5层/ [索取号:TU986.2/Y220] | 在馆 | |
| 2 | 1134986 | 211349860 | 建筑库201/201建筑库 110排1列5层/ [索取号:TU986.2/Y220] | 在馆 | |
| 3 | 1134987 | 211349879 | 建筑库201/201建筑库 110排1列5层/ [索取号:TU986.2/Y220] | 在馆 |